MARC

LEADER 00000nam0a2200000 4500
001 57115
005 20231101211639.0
035 |a (RuTPU)RU\TPU\book\60232 
090 |a 57115 
100 |a 20031022d1964 km y0rusy50 ca 
101 1 |a rus 
102 |a RU 
105 |a a z 001zy 
200 1 |a Неньютоновские жидкости  |a Гидромеханика, перемешивание и теплообмен  |e пер. с англ.  |f У. Л. Уилкинсон 
210 |a Москва  |c Мир  |d 1964 
215 |a 216 с.  |c ил. 
300 |a Доп. тит. лист 
320 |a Библиогр.: с. 185-208. 
606 1 |a Жидкости вязкие  |x Пограничный слой  |2 stltpush  |3 (RuTPU)RU\TPU\subj\10915  |9 37918 
610 1 |a ньютоновские жидкости 
610 1 |a гидромеханика 
610 1 |a перемешивание жидкости 
610 1 |a теплообмен 
610 1 |a вязкие жидкости 
610 1 |a турбулентное течение 
610 1 |a пластические материалы 
610 1 |a развитие 
610 1 |a классификация 
675 |a 532.135  |v 3 
700 1 |a Уилкинсон  |b У. Л. 
801 1 |a RU  |b 63413507  |c 20031022  |g PSBO 
801 2 |a RU  |b 63413507  |c 20190822  |g PSBO 
942 |c BK